My Dream Formula 1 2023 Grid - Statistics

General Stats
  • This quiz has been taken 403 times
  • The average score is 17 of 20
Answer Stats
Hint Teams Answer % Correct
Netherlands Red Bull Max Verstappen
100%
UK Mercedes Lewis Hamilton
99%
Monaco Ferarri Charles Leclerc
98%
Australia Red Bull Daniel Ricciardo
98%
UK Mclaren Lando Norris
97%
Thailand Alpha Tauri Alexander Albon
96%
Spain Mclaren Carlos Sainz
96%
Spain Alpine Fernando Alonso
96%
UK Mercedes George Russell
96%
France Alpha Tauri Pierre Gasly
96%
Mexico Aston Martin Sergio Perez
95%
Denmark Haas Kevin Magnussen
93%
Finland Alfa Romeo Valtteri Bottas
91%
Australia Alpine Oscar Piastri
89%
France Haas Esteban Ocon
88%
Germany Ferarri Mich Schumacher
82%
Netherlands Williams Nick De Vries
79%
Germany Aston Martin Nico Hulkenberg
76%
Brazil Williams Felipe Drugovich
35%
France Alfa Romeo Theo Pourchaire
35%
No matching quizzes found
Score Distribution
Percent of People with Each Score
Percentile by Number Answered
Your Score History
You have not taken this quiz